Chanson du Joueur du Grenier - Dragon's Lair - Statistiques

Statistiques générales
  • Ce quiz a été pris 188 fois
  • Le résultat moyen est 59 sur 74
Statistiques - réponses
Ordre Mots % Correct
3 jeu
97%
40 de
96%
70 de
96%
21 Je
96%
45 Je
96%
65 je
96%
58 jeu
96%
52 je
95%
5 Un
94%
26 Un
93%
10 une
93%
36 un
92%
18 une
92%
2 pour
91%
1 Recette
91%
30 une
91%
42 une
91%
68 la
90%
4 pourri !
90%
47 d'en
89%
33 ce
87%
57 ce
87%
19 chauve-souris !
87%
73 les
87%
74 bois !!!
86%
23 en
86%
38 Tu
86%
43 vie !
85%
72 Dans
84%
71 Narbonne !
84%
41 perdre
84%
48 perdre
84%
69 route
84%
39 viens
84%
46 viens
84%
49 trois !
83%
25 deux !
82%
24 mettre
82%
8 qui
82%
67 sur
82%
22 vais
82%
14 des
81%
61 des
81%
12 qui
81%
66 l'abandonne !
79%
31 plateforme
79%
9 déconne,
78%
44 Nan !
78%
35 est
75%
20 Oh !
73%
60 par
72%
11 lampe
71%
13 t'abandonne,
71%
62 sadiques,
70%
63 demain,
69%
17 rajouter
69%
37 abruti !
68%
59 fait
68%
34 mec
68%
64 oui
68%
28 presque
68%
27 boss
67%
6 courant
67%
7 d'air
67%
29 impossible,
67%
32 inaccessible,
67%
50 Ah
61%
15 plateformes
60%
54 cette
58%
55 expérience
56%
56 pathétique,
56%
16 pourries,
56%
51 bon,
53%
53 croyais...
52%
Aucun quiz correspondant
Distribution des résultats
% des personnes avec chaque résultat
Percentile par nombre de réponses
Votre historique - résultats
Vous n’avez pas pris ce quiz